000
00305nam a2200121Ia 4500
008
220216s9999 xx 000 0 und d
100
_a
Mullins L
245
0
_a
Aspects of physical basis of reinforcement
260
_b
IRI Transactions
_c
1956
300
_a
231-241
650
_a
Reinforcement
942
_c
JS
999
_c
54510
_d
54510